| 000 | 00645nam a2200229Ia 4500 | ||
|---|---|---|---|
| 005 | 20241129115630.0 | ||
| 008 | 241129s9999||||xx |||||||||||||| ||und|| | ||
| 020 | _a9781032374284 | ||
| 037 | _aTB | ||
| 040 |
_aSDCL _beng _cSDCL |
||
| 041 |
_aeng _2eng |
||
| 084 |
_aNW R2 _qSDCL |
||
| 100 |
_aWang Jiaren Ed.; Wang Regina Kanyu Ed. _9727961 |
||
| 245 | 0 | _aMaking of the wandering earth : A film production handbook | |
| 260 |
_aLondon _bRoutledge _c2022 |
||
| 300 | _axxxi,255p. | ||
| 365 |
_aINR _b4995 |
||
| 490 | _aStudies in global genre fiction | ||
| 650 | _aEnglish | ||
| 942 |
_cTB _hNW R2 |
||
| 999 |
_c1231303 _d1231303 |
||